Handbuch der Pflanzenernährung und Düngerlehre / (Record no. 78075)

MARC details
000 -LEADER
campo de control de longitud fija 00538nam a2200169 i 4500
001 - NÚMERO DE CONTROL
campo de control 78075
003 - IDENTIFICADOR DE NÚMERO DE CONTROL
campo de control ES-MaACL
005 - FECHA Y HORA DE LA ÚLTIMA TRANSACCIÓN
campo de control 20230906173529.0
007 - CAMPO FIJO DE DESCRIPCIÓN FÍSICA--INFORMACIÓN GENERAL
campo de control de longitud fija t|
008 - DATOS DE LONGITUD FIJA--INFORMACIÓN GENERAL
campo de control de longitud fija 041011s1931 gw ||||1| ger d
245 00 - MENCIÓN DEL TÍTULO
Título Handbuch der Pflanzenernährung und Düngerlehre /
Mención de responsabilidad, etc. herausgegeben von F. Honcamp.
260 ## - PUBLICACIÓN, DISTRIBUCIÓN, ETC.
Lugar de publicación, distribución, etc. Berlin :
Nombre del editor, distribuidor, etc. Julius Springer,
Fecha de publicación, distribución, etc. 1931.
300 ## - DESCRIPCIÓN FÍSICA
Extensión 2 v. :
Otras características físicas il. ;
Dimensiones 25 cm.
505 8# - NOTA DE CONTENIDO CON FORMATO
Nota de contenido con formato Contiene: V.I: Pflanzenernèahrung. -- V. II: Dingemittel und Dungung
700 1# - ENTRADA AGREGADA--NOMBRE PERSONAL
Nombre de persona Honcamp, F.
9 (RLIN) 64121
852 ## - LOCALIZACIÓN
Ubicación ES-MaACL
Número de control de estantería A-706-07
Holdings
Estatus retirado Estado de pérdida Estado de daño No para préstamo Biblioteca de origen Biblioteca actual Ubicación en estantería Fecha de adquisición Fuente de adquisición Total de préstamos Signatura topográfica completa Código de barras Visto por última vez Precio de reemplazo Tipo de ítem Koha
        Biblioteca del Ateneo de Madrid Biblioteca del Ateneo de Madrid Sala Pecera Planta 1 17/01/2008     A-706-07 1081676 23/02/2023 23/02/2023 Libro impreso